00544nam a22001697a 450000500170000001000150001702000260003203500140005803700130007208200110008524500290009625000060012526000570013127001050018830000260029350000550031920240215115533.0 aENG-139252 c450.00a9789356069121 aEN-122784 bDBAD/PUB a53021 aFoundation Physics 2023/ a1 aUttar PradeshbPearson India Education Pvt Ltdc2023 bUttar Pradesha15th FLoor, Tower-B, World Trade Tower, Plot No.1, Block- C, Sector-16, Noidae201301 avpp.c28cm(pb)bIndex aContent Based on NCERT Curriculam 2023 For Class10